|
|
|
|
| LEADER |
00000cam a2200000 7i4500 |
| 001 |
0000070033 |
| 005 |
20220105103904.0 |
| 008 |
170212 |
| 020 |
|
|
|a 9789830687988
|
| 020 |
|
|
|a 9789830688084(SET)
|
| 090 |
0 |
0 |
|a JP
|b MAL
|
| 100 |
0 |
|
|a Lowen, Nancy
|
| 245 |
1 |
0 |
|a Buat saya ketawa :
|b tulis cerita lucu kamu sendiri
|c Nancy Loewen
|
| 260 |
|
|
|a Kuala Lumpur :
|b Institut Terjemahan Negara Malaysia ,
|c 2011
|
| 300 |
|
|
|a 32 p p :
|b 22.5 cm
|
| 490 |
0 |
|
|a Siri asas penulis kecil ITNM
|
| 500 |
|
|
|a Children age 4-6 years old (yellow)
|
| 650 |
|
0 |
|a Child authors
|x handbooks,manual,etc
|z Juvenile literature
|
| 650 |
|
0 |
|a Creative writing
|x Juvenile literature
|
| 650 |
|
0 |
|a Humorous stories
|x Juvenile literature
|
| 999 |
|
|
|a 0001432709
|b Book
|c Children Collection
|e Cawangan Taman Universiti
|
| 999 |
|
|
|a 0001432710
|b Book
|c Children Collection
|e Cawangan Taman Sri Lambak
|
| 999 |
|
|
|a 0001432711
|b Book
|c Children Collection
|e Cawangan Pontian
|
| 999 |
|
|
|a 0001432712
|b Book
|c Children Collection
|e Cawangan Batu Pahat
|
| 999 |
|
|
|a 0001432713
|b Book
|c Children Collection
|e Cawangan Kota Tinggi
|
| 999 |
|
|
|a 0001432714
|b Book
|c Children Collection
|e Cawangan Tangkak
|
| 999 |
|
|
|a 0001432715
|b Book
|c Children Collection
|e Cawangan Sri Merlong
|
| 999 |
|
|
|a 0001432716
|b Book
|c Children Collection
|e Cawangan Muar
|
| 999 |
|
|
|a 0001432717
|b Book
|c Children Collection
|e Cawangan Bandar Tenggara
|
| 999 |
|
|
|a 0001432718
|b Book
|c Children Collection
|e Cawangan Segamat
|
| 999 |
|
|
|a 0001432719
|b Book
|c Children Collection
|e Cawangan Bandar Penawar
|
| 999 |
|
|
|a 0001432720
|b Book
|c Children Collection
|e Cawangan Bukit Gambir
|
| 999 |
|
|
|a 0001432721
|b Book
|c Children Collection
|e Cawangan Mersing
|
| 999 |
|
|
|a 0001432722
|b Book
|c Children Collection
|e Cawangan Tmn. Ungku Tun Aminah
|
| 999 |
|
|
|a 0001433691
|b Book
|c Children Collection
|e Perbadanan Perpustakaan Awam Johor
|
| 999 |
|
|
|a 0001433692
|b Book
|c Children Collection
|e Perbadanan Perpustakaan Awam Johor
|
| 999 |
|
|
|a 0001433693
|b Book
|c Children Collection
|e Cawangan Urban Transformation Centre
|
| 999 |
|
|
|a 0001433694
|b Book
|c Children Collection
|e Cawangan AEON Kulaijaya
|